000 00570nam a2200217Ia 4500
005 20220914092427.0
008 131103s9999 xx 000 0 und d
020 _a81 7033 209 3
_cRs. 550
040 _aLoreto College
041 _aEnglish
082 _a307.14
_bSIN
100 _aSingh, R.Y
245 _aGeography of settlements
_cR.Y. Singh
260 _aJaipur
_bRawat Publications
_c1994
300 _axi, 335 p.
_b ill., fig.
504 _aIncludes index
650 _aSettlement Geography
651 _aRural communities
850 _aLCLIB
942 _cBK
999 _c1503
_d51982